Thảm kịch vĩ nhân

محفوظ في:
التفاصيل البيبلوغرافية
المؤلف الرئيسي: Hoàng, Minh Tường
التنسيق: كتاب
اللغة:Undetermined
منشور في: Hà Nội Hội Nhà văn 2019
الموضوعات:
الوسوم: إضافة وسم
لا توجد وسوم, كن أول من يضع وسما على هذه التسجيلة!
Thư viện lưu trữ: Trung tâm Học liệu Trường Đại học Cần Thơ
LEADER 00695nam a2200217Ia 4500
001 CTU_233467
008 210402s9999 xx 000 0 und d
020 |c 117000 
082 |a 895.922334 
082 |b T561 
100 |a Hoàng, Minh Tường 
245 0 |a Thảm kịch vĩ nhân 
245 0 |c Hoàng Minh Tường 
260 |a Hà Nội 
260 |b Hội Nhà văn 
260 |c 2019 
650 |a Tiểu thuyết Việt Nam,Short stories,Vietnamese fiction,Truyện ngắn 
650 |y Thế kỷ 20,20th century,20th century,Thế kỷ 20 
904 |i Tuyến 
910 |a Tuyến 
980 |a Trung tâm Học liệu Trường Đại học Cần Thơ